| 000 | 00476 a2200157 4500 | ||
|---|---|---|---|
| 003 | Nust | ||
| 005 | 20221031121507.0 | ||
| 040 | _cNust | ||
| 082 | _a621.31912,LOE | ||
| 100 |
_aLoew, E.A _9101936 |
||
| 245 |
_aDirect and alternating currents: _b theory and machinery / _cE.A Loew and F.R. Bergseth |
||
| 250 | _a4th ed | ||
| 260 |
_aMcGraw-Hill, _bLondon _c1954 |
||
| 505 | _aPart One: Direct Currents (Page-3), Part Two: Alternating Currents (Page-281), | ||
| 942 |
_2ddc _cBK |
||
| 999 |
_c191029 _d191029 |
||